• 首页
  • 本馆介绍
  • 公告通知
  • 最新文献
  • 馆藏检索
  • 电子资源
  • 读者导购
  • 参考咨询
  • 我的图书馆
  • 登录
  • 详细信息显示
  • 放入我的书架
  • 预约/预借图书
  • 作者相关作品
  • 分类相关作品
  • 丛书相关作品
  • 出版社相关作品

书目信息

  • 表格格式
  • 工作单格式
  • 卡片格式
题名:
家装水电暖工技能一看就会
    
 
作者: 韩雪涛 主编
分册:  
出版信息: 北京   电子工业出版社  2017.1
页数: 10,246页
开本: 26cm
丛书名: 一看就会系列丛书
单 册:
中图分类: TU85 , TU82
科图分类:
主题词: 住宅--室内装修--电工--基本知识 , 住宅--室内装修--水暖工--基本知识
电子资源:
ISBN: 978-7-121-30245-9
000 01110nam 2200289 450
001 0400003986
005 20171023091102.0
010    @a978-7-121-30245-9@dCNY59.80
100    @a20170215e2017 em y0chiy50 ea
101 0  @achi
102    @aCN@b110000
105    @aa z 000yy
106    @ar
200 1  @a家装水电暖工技能一看就会@9jia zhuang shui dian nuan gong ji neng yi kan jiu hui@f韩雪涛主编
210    @a北京@c电子工业出版社@d2017.1
215    @a10,246页@c彩图@d26cm
225 1  @a一看就会系列丛书
304    @a数码维修工程师鉴定指导中心组织编写
330    @a本书采用“全彩全图”的编排模式,以国家职业资格标准和行业规范为编写目标,对目前家装水电工领域的专业知识和各项实操技能进行细致的归纳、整理,并结合国家职业相关标准和实际案例将家装水电暖工各项专业实操技能和工作规范展示给学习者,力求达到最佳的教学效果。
461  0 @12001 @a一看就会系列丛书
606 0  @a住宅@x室内装修@x电工@x基本知识
606 0  @a住宅@x室内装修@x水暖工@x基本知识
690    @aTU85@v5
690    @aTU82@v5
701  0 @a韩雪涛@9han xue tao@4主编
801  0 @aCN@b91MARC@c20171023
905    @b1027576-80@dTU85@f5@e1080
    
    家装水电暖工技能一看就会/韩雪涛主编.-北京:电子工业出版社,2017.1
    10,246页:彩图;26cm.-(一看就会系列丛书)
    
    
    ISBN 978-7-121-30245-9:CNY59.80
    本书采用“全彩全图”的编排模式,以国家职业资格标准和行业规范为编写目标,对目前家装水电工领域的专业知识和各项实操技能进行细致的归纳、整理,并结合国家职业相关标准和实际案例将家装水电暖工各项专业实操技能和工作规范展示给学习者,力求达到最佳的教学效果。
●
相关链接 在E读中查询图书 在五车中查询图书 在当当中查询图书 在豆瓣中查询图书


正题名:家装水电暖工技能一看就会     索取号:TU85/1080         预约/预借

序号 登录号 条形码 馆藏地/架位号 状态 备注
1 1027576   210275762   第二样本阅览室/ [索取号:TU85/1080] 在馆    
2 1027577   210275771   密集书库-生命科学系/ [索取号:TU85/1080] 在馆    
3 1027578   210275780   第三借阅区/ [索取号:TU85/1080] 在馆    
4 1027579   210275799   第三借阅区/ [索取号:TU85/1080] 在馆    
5 1027580   210275806   第三借阅区/ [索取号:TU85/1080] 在馆    
唐山师范学院图书馆 欢迎您!
大连网信软件有限公司© 版权所有